000 00855nam a2200241 u 4500
005 20240910063830.0
008 181001s2016 es r 000 0 spa d
020 _a9788494464966
035 _aUPN01000226933
049 _aCG
050 4 _aPS1916
_bQ2.3
100 1 _aHearn, Lafcadio,
_d1850-1904
_937642
245 1 3 _aEl fantasma sin rostro :
_by otras historias de terror /
_cLafcadio Hearn ; [comp.] Sean Michael Wilson ; il. Michiru Morikawa ; tr. Juan Jiménez Ruiz de Salazar.
260 _aMadrid :
_bQuaterni,
_c2016.
300 _a134 p. :
_bil.
440 0 _aManga bunko
534 _pTítulo original:
_tThe faceless ghost and orther macabre tales from Japan
650 4 _aCuentos de terror
_92404
650 4 _aLITERATURA JAPONESA
_910009
700 1 _aWilson, Sean Michael,
_d1969-
_ecomp.
_942172
905 _aLibro
999 _c199029
_d199029